00470nam a2200145 a 450000100100000000500170001000800410002704000250006808200170009324500770011025000120018726000300019930000210022950000740025000002308520200930021958.0101126s1978 fr r 000 0 spa d aDO-SdBNPbspacBNPHU axxxxxbA396s00aAlgunas sugestiones sobre la enseñanza acerca de los derechos humanos. a2a. ed. aParís :bUNESCO,c1978. a165 p. ;c20 cm. aIncluye referencias bibliográficas y notas al pie de las páginas.